000 00617nam a22002417a 4500
003 UA-OsUOA
001 42934
007 ta
008 20061130b un ||||| |||| 00| 0 ukr d
100 _aПімен Панчанка
090 _a821.161.3
_bП16
942 _cBK
040 _aUA-OsUOA
_brus
_cUA-OsUOA
_dUA-OsUOA
245 _aЛірика
300 _a158 с.
955 _a2
041 _arus
080 _a821.161.3
020 _a1980
260 _aМінск
_bНародная асвета
_c1980
650 7 _a82 Література. Літературознавство
_2UDC
999 _c329068
_d329068